|
|
|
|
| LEADER |
00000nam0a2200000 4500 |
| 001 |
173750 |
| 005 |
20231031164520.0 |
| 035 |
|
|
|a (RuTPU)RU\TPU\book\188431
|
| 090 |
|
|
|a 173750
|
| 100 |
|
|
|a 20091230d1978 km y0rusy50 ca
|
| 101 |
0 |
|
|a rus
|
| 102 |
|
|
|a RU
|
| 105 |
|
|
|a a z 001zy
|
| 200 |
1 |
|
|a Техника искровых камер
|f А. А. Воробьев, Н. С. Руденко, В. И. Сметанин
|
| 210 |
|
|
|a Москва
|c Атомиздат
|d 1978
|
| 215 |
|
|
|a 120 с.
|c ил.
|
| 320 |
|
|
|a Библиогр.: с. 114-119.
|
| 610 |
1 |
|
|a искровые камеры
|
| 610 |
1 |
|
|a стримерные процессы
|
| 610 |
1 |
|
|a динамика
|
| 610 |
1 |
|
|a искровой разряд
|
| 610 |
1 |
|
|a заряженные частицы
|
| 610 |
1 |
|
|a стримерные камеры
|
| 610 |
1 |
|
|a импульсное питание
|
| 610 |
1 |
|
|a пространственная изотропность
|
| 610 |
1 |
|
|a труды учёных ТПУ
|
| 675 |
|
|
|a 539.1.073.1
|v 3
|
| 700 |
|
1 |
|a Воробьев
|b А. А.
|c российский физик
|c ректор Томского политехнического института, профессор
|f 1909-1981
|g Александр Акимович
|2 stltpush
|3 (RuTPU)RU\TPU\pers\12805
|
| 701 |
|
1 |
|a Руденко
|b Н. С.
|g Николай Сергеевич
|
| 701 |
|
1 |
|a Сметанин
|b В. И.
|g Виктор Ильич
|
| 801 |
|
1 |
|a RU
|b 63413507
|c 20091230
|
| 801 |
|
2 |
|a RU
|b 63413507
|c 20200812
|g RCR
|
| 942 |
|
|
|c BK
|